[Event "I Open Internacional 64 Villalba 2013"]
[Site "Collado Villalba ESP"]
[Date "2013.07.28"]
[Round "2.4"]
[White "Julian Serra, Rogelio"]
[Black "Petru, Lucian Olimpiu"]
[Result "1-0"]
[WhiteElo "2012"]
[BlackElo "1822"]
[PlyCount "79"]
[EventDate "2013.07.27"]
[EventType "swiss"]
[EventRounds "9"]
[EventCountry "ESP"]
[Source "lmi"]
[SourceDate "2013.07.27"]

1. e4 c6 2. d3 d5 3. Nd2 e5 4. Ngf3 Bd6 5. g3 Nf6 6. Bg2 Bg4 7. h3 Bh5 8. g4
Bg6 9. Nh4 Nbd7 10. Nxg6 hxg6 11. exd5 Nxd5 12. Ne4 Be7 13. Bd2 g5 14. Qe2 Qb6
15. O-O f6 16. c3 Nf8 17. Be3 Nxe3 18. fxe3 O-O-O 19. a4 Ne6 20. a5 Qb5 21.
Rfd1 g6 22. b4 f5 23. c4 Qa6 24. b5 cxb5 25. cxb5 Qxb5 26. Rab1 Qa6 27. Nf2 Rd7
28. Qb2 Bf6 29. Rdc1+ Kd8 30. Bxb7 Qxa5 31. Bc8 Ke7 32. Bxd7 Kxd7 33. Qb7+ Ke8
34. Rc8+ Bd8 35. Qc6+ Ke7 36. Rb7+ Kf6 37. Qf3 Qe1+ 38. Kg2 Qd2 39. Kf1 Nd4 40.
Rc6+ 1-0

[Event "I Open Internacional 64 Villalba 2013"]
[Site "Collado Villalba ESP"]
[Date "2013.07.28"]
[Round "2.5"]
[White "Garcia Diaz, Alejandro"]
[Black "Cano Cabanillas, Javier"]
[Result "0-1"]
[WhiteElo "1811"]
[BlackElo "1991"]
[PlyCount "54"]
[EventDate "2013.07.27"]
[EventType "swiss"]
[EventRounds "9"]
[EventCountry "ESP"]
[Source "lmi"]
[SourceDate "2013.07.27"]

1. e4 e6 2. d4 d5 3. e5 c5 4. c3 Qb6 5. Nf3 Nc6 6. a3 c4 7. Nbd2 Na5 8. Rb1 Bd7
9. Ng5 f6 10. exf6 Nxf6 11. g3 h6 12. Ngf3 O-O-O 13. Ne5 Re8 14. Bh3 Bd6 15.
Ndf3 Bxa3 16. O-O Bd6 17. Nf7 Rhf8 18. Nxd6+ Qxd6 19. Ra1 Qb6 20. Ne5 Nb3 21.
Ra2 g5 22. f4 Nxc1 23. Qxc1 Ne4 24. Qe3 a6 25. Nxc4 Qb3 26. Rxa6 bxa6 27. Ne5
gxf4 0-1

[Event "I Open Internacional 64 Villalba 2013"]
[Site "Collado Villalba ESP"]
[Date "2013.07.28"]
[Round "2.6"]
[White "Fernandez-Gallardo Romero, Alv"]
[Black "Lopez Ziegler, Carlos"]
[Result "1/2-1/2"]
[WhiteElo "1798"]
[BlackElo "1966"]
[PlyCount "60"]
[EventDate "2013.07.27"]
[EventType "swiss"]
[EventRounds "9"]
[EventCountry "ESP"]
[Source "lmi"]
[SourceDate "2013.07.27"]

1. e4 Nf6 2. e5 Nd5 3. d4 Nb6 4. c4 d6 5. exd6 cxd6 6. Nc3 g6 7. Be3 Bg7 8. Nf3
Bg4 9. h3 Bxf3 10. Qxf3 Nc6 11. O-O-O Nd7 12. h4 h5 13. g4 Nf6 14. gxh5 Nxh5
15. Qg4 Qc8 16. Qg2 Qf5 17. Nd5 O-O-O 18. Be2 Qd7 19. Bg4 e6 20. Bg5 Rde8 21.
Bxh5 exd5 22. Bg4 f5 23. Bh3 dxc4 24. Be3 Qf7 25. Qg3 d5 26. Rhg1 Re6 27. Bg2
Ree8 28. Bh3 Re6 29. Bg2 Ree8 30. Bh3 Re6 1/2-1/2

[Event "I Open Internacional 64 Villalba 2013"]
[Site "Collado Villalba ESP"]
[Date "2013.07.28"]
[Round "2.7"]
[White "Villanueva Arguinberri, Bruno"]
[Black "Del Pino De Castro, Ricardo"]
[Result "1-0"]
[WhiteElo "1961"]
[BlackElo "1818"]
[PlyCount "59"]
[EventDate "2013.07.27"]
[EventType "swiss"]
[EventRounds "9"]
[EventCountry "ESP"]
[Source "lmi"]
[SourceDate "2013.07.27"]

1. d4 Nf6 2. c4 e6 3. Nc3 Bb4 4. Qc2 b6 5. Bg5 O-O 6. e4 h6 7. Bh4 Bxc3+ 8.
bxc3 g5 9. Bg3 Bb7 10. Bd3 d6 11. Ne2 Nfd7 12. f4 f6 13. h4 e5 14. hxg5 hxg5
15. fxg5 fxg5 16. O-O-O Nc6 17. Qd2 Qf6 18. Rh5 Rf7 19. Rxg5+ Rg7 20. Rf5 Qg6
21. Bh4 Qg4 22. g3 Rf8 23. Rdf1 Rff7 24. c5 Na5 25. cxd6 cxd6 26. Qe3 Kf8 27.
Qh6 Ke8 28. Qe6+ Re7 29. Bxe7 Rxe7 30. Rf8+ 1-0

[Event "I Open Internacional 64 Villalba 2013"]
[Site "Collado Villalba ESP"]
[Date "2013.07.28"]
[Round "2.8"]
[White "Enfedaque Jimenez, Juan Carlos"]
[Black "Ruiz Sanchez, Roberto"]
[Result "0-1"]
[WhiteElo "1766"]
[BlackElo "1958"]
[PlyCount "70"]
[EventDate "2013.07.27"]
[EventType "swiss"]
[EventRounds "9"]
[EventCountry "ESP"]
[Source "lmi"]
[SourceDate "2013.07.27"]

1. e4 c6 2. d4 d5 3. exd5 cxd5 4. c4 Nf6 5. Nc3 e6 6. cxd5 Nxd5 7. Nf3 Be7 8.
Be2 O-O 9. O-O Nc6 10. Nxd5 Qxd5 11. b3 Rd8 12. Bc4 Qd6 13. Bb2 b6 14. Qe2 Bb7
15. Rfe1 Na5 16. d5 Bxd5 17. Be5 Bxc4 18. Qe4 Qd3 19. bxc4 Qxe4 20. Rxe4 Rac8
21. Rc1 Nxc4 22. Ba1 Nd2 23. Rxc8 Nxf3+ 24. gxf3 Rxc8 25. Kg2 Rc1 26. Be5 Rc2
27. Rd4 f6 28. Bb8 Rxa2 29. Rd7 Bc5 30. Bxa7 h5 31. Rb7 Rxf2+ 32. Kg3 Rb2 33.
h4 e5 34. Rc7 Be3 35. Rb7 Bf4+ 0-1

[Event "I Open Internacional 64 Villalba 2013"]
[Site "Collado Villalba ESP"]
[Date "2013.07.28"]
[Round "2.9"]
[White "Olias Munoz, Francisco"]
[Black "Serrano Garcia, Vicente"]
[Result "1-0"]
[WhiteElo "1958"]
[BlackElo "1806"]
[PlyCount "77"]
[EventDate "2013.07.27"]
[EventType "swiss"]
[EventRounds "9"]
[EventCountry "ESP"]
[Source "lmi"]
[SourceDate "2013.07.27"]

1. e4 e6 2. d4 d5 3. e5 c5 4. c3 Nc6 5. Nf3 Qb6 6. a3 Bd7 7. Be2 cxd4 8. cxd4
Nge7 9. Nc3 Nf5 10. Na4 Qa5+ 11. Bd2 Qd8 12. Bc3 Be7 13. O-O Rc8 14. Rc1 b5 15.
Nc5 Bxc5 16. dxc5 Rb8 17. b4 a5 18. bxa5 Nxa5 19. Bxa5 Qxa5 20. c6 Bc8 21. Qb3
O-O 22. Rc5 Ra8 23. Ra1 Qb6 24. Qb4 Ra4 25. Qxb5 Qxb5 26. Bxb5 Ra5 27. a4 Ba6
28. Rac1 Ne7 29. Nd4 Bc8 30. Nb3 Ra7 31. a5 Ba6 32. Nd4 Rc8 33. Bxa6 Rxa6 34.
Rb1 h5 35. Rb6 Ra7 36. f4 Rcc7 37. a6 Ra8 38. Nb5 Rac8 39. a7 1-0

[Event "I Open Internacional 64 Villalba 2013"]
[Site "Collado Villalba ESP"]
[Date "2013.07.28"]
[Round "2.10"]
[White "Fernandez Bonilla, Marcangel"]
[Black "Martinez Ayesa, Aitor"]
[Result "0-1"]
[WhiteElo "1758"]
[BlackElo "1942"]
[PlyCount "70"]
[EventDate "2013.07.27"]
[EventType "swiss"]
[EventRounds "9"]
[EventCountry "ESP"]
[Source "lmi"]
[SourceDate "2013.07.27"]

1. Nf3 c5 2. c4 Nc6 3. Nc3 g6 4. g3 Bg7 5. Bg2 d6 6. O-O e5 7. d3 Nge7 8. e4
O-O 9. Nd5 h6 10. Bd2 Be6 11. Qc1 Kh7 12. Nxe7 Qxe7 13. h4 f5 14. Kh2 f4 15.
Bh3 Bxh3 16. Kxh3 g5 17. hxg5 hxg5 18. Kg2 Rh8 19. Qd1 Kg6 20. Rh1 Rxh1 21.
Qxh1 Rh8 22. Qg1 Qe6 23. Kf1 Qh3+ 24. Qg2 Qh1+ 25. Ng1 Nd4 26. gxf4 Qxg2+ 27.
Kxg2 exf4 28. f3 Be5 29. Bc3 Nc2 30. Rb1 Ne3+ 31. Kf2 Rh2+ 32. Ke1 Bxc3+ 33.
bxc3 Rxa2 34. Rxb7 Ra1+ 35. Kf2 Rf1+ 0-1

[Event "I Open Internacional 64 Villalba 2013"]
[Site "Collado Villalba ESP"]
[Date "2013.07.28"]
[Round "2.11"]
[White "Santamaria Baeza, Adolfo"]
[Black "Tolosana Esteban, Enrique"]
[Result "1-0"]
[WhiteElo "1936"]
[BlackElo "1767"]
[PlyCount "65"]
[EventDate "2013.07.27"]
[EventType "swiss"]
[EventRounds "9"]
[EventCountry "ESP"]
[Source "lmi"]
[SourceDate "2013.07.27"]

1. e4 c6 2. d4 d5 3. e5 Bf5 4. Nf3 e6 5. Nbd2 Nd7 6. c4 dxc4 7. Nxc4 Nb6 8. Bg5
Qd7 9. a3 Nxc4 10. Bxc4 Be4 11. Be3 Bd5 12. Be2 Ne7 13. O-O Nf5 14. Rc1 Be7 15.
Ne1 O-O 16. Bd3 Nh4 17. Qh5 g6 18. Qg4 Nf5 19. Rc3 Ng7 20. Bh6 Rfd8 21. Nc2
Rac8 22. h4 c5 23. dxc5 Rxc5 24. Rxc5 Bxc5 25. Bxg7 Kxg7 26. Be2 Qc7 27. Qf4
Kg8 28. h5 Qb6 29. Qg5 Rd7 30. b4 Be7 31. Qg3 Qc7 32. Ne3 Qc3 33. Nxd5 1-0

[Event "I Open Internacional 64 Villalba 2013"]
[Site "Collado Villalba ESP"]
[Date "2013.07.28"]
[Round "2.13"]
[White "Sanz Varea, Jose M"]
[Black "Martinez Montalvo, Eduardo"]
[Result "1-0"]
[WhiteElo "1900"]
[BlackElo "1758"]
[PlyCount "61"]
[EventDate "2013.07.27"]
[EventType "swiss"]
[EventRounds "9"]
[EventCountry "ESP"]
[Source "lmi"]
[SourceDate "2013.07.27"]

1. f4 d5 2. Nf3 g6 3. e3 Bg7 4. Be2 c5 5. O-O Nc6 6. Bb5 Qc7 7. Nc3 e6 8. Bxc6+
bxc6 9. d4 cxd4 10. exd4 c5 11. Be3 Ba6 12. Re1 Rd8 13. Na4 c4 14. Nc5 Bc8 15.
Ne5 Nf6 16. Bf2 Rd6 17. c3 Nd7 18. Nexd7 Bxd7 19. Bg3 f5 20. Bh4 Kf7 21. Qe2
Rb8 22. b4 Bc8 23. a4 Rxb4 24. cxb4 Bxd4+ 25. Bf2 Bxa1 26. Rxa1 a5 27. b5 c3
28. Qe5 d4 29. Bxd4 Qd8 30. Qg7+ Ke8 31. Qg8+ 1-0

[Event "I Open Internacional 64 Villalba 2013"]
[Site "Collado Villalba ESP"]
[Date "2013.07.28"]
[Round "2.14"]
[White "Camarero Izquierdo, Juan Carlo"]
[Black "Dominguez Coig, Alvaro"]
[Result "1-0"]
[WhiteElo "1877"]
[BlackElo "1745"]
[PlyCount "112"]
[EventDate "2013.07.27"]
[EventType "swiss"]
[EventRounds "9"]
[EventCountry "ESP"]
[Source "lmi"]
[SourceDate "2013.07.27"]

1. d4 Nf6 2. Nc3 d5 3. Bg5 h6 4. Bh4 Bf5 5. f3 Nc6 6. e4 dxe4 7. Bxf6 exf6 8.
fxe4 Bg6 9. Bb5 a6 10. Bxc6+ bxc6 11. Nf3 Bb4 12. Qd3 O-O 13. O-O Re8 14. Rae1
Qd7 15. a3 Bxc3 16. bxc3 Qe7 17. Nh4 Qxa3 18. Nxg6 fxg6 19. Qc4+ Kh7 20. Qxc6
Qd6 21. Qa4 Re7 22. Rf3 Rae8 23. Rfe3 Qb6 24. Qc4 Qb5 25. Qxb5 axb5 26. Kf2 c6
27. R1e2 g5 28. g4 Kg6 29. Ke1 Kf7 30. Kd2 g6 31. Kd3 h5 32. h3 h4 33. c4 bxc4+
34. Kxc4 f5 35. Kd3 f4 36. Rf3 Ra8 37. e5 Ra3+ 38. Ke4 Rxf3 39. Kxf3 Ra7 40. c4
Ra3+ 41. Ke4 Rxh3 42. d5 cxd5+ 43. Kxd5 Re3 44. Rf2 h3 45. c5 Rd3+ 46. Kc4 Rg3
47. c6 Rg2 48. Rf3 h2 49. Rh3 Kg7 50. Kd5 f3 51. c7 Rc2 52. Rxh2 Rxc7 53. Rf2
Rc3 54. Ke4 Kf8 55. Rxf3+ Rxf3 56. Kxf3 Ke7 1-0

[Event "I Open Internacional 64 Villalba 2013"]
[Site "Collado Villalba ESP"]
[Date "2013.07.28"]
[Round "2.16"]
[White "Barria Arbunic, Manuel"]
[Black "Bermejo Arruego, Luis"]
[Result "0-1"]
[WhiteElo "1506"]
[BlackElo "2181"]
[PlyCount "90"]
[EventDate "2013.07.27"]
[EventType "swiss"]
[EventRounds "9"]
[EventCountry "ESP"]
[Source "lmi"]
[SourceDate "2013.07.27"]

1. d4 g6 2. c4 Bg7 3. Nc3 d6 4. Nf3 Bg4 5. e3 Nf6 6. Be2 O-O 7. O-O Nfd7 8. h3
Bxf3 9. Bxf3 Nc6 10. Qa4 e5 11. Bxc6 Nb6 12. Qd1 bxc6 13. Qf3 Nxc4 14. Qxc6 Na5
15. Qd5 c6 16. Qe4 f5 17. Qd3 e4 18. Qa6 Qb6 19. Qxb6 axb6 20. Bd2 Nc4 21. Bc1
b5 22. b3 Nb6 23. Bb2 b4 24. Ne2 c5 25. Rfd1 c4 26. bxc4 Nxc4 27. Rdb1 Ra4 28.
Bc1 Rfa8 29. Nf4 R8a5 30. Ne6 Bf6 31. Rb3 Kf7 32. Nf4 g5 33. Nh5 Be7 34. Ng3
Ke6 35. d5+ Rxd5 36. Rab1 Rd1+ 37. Kh2 Rxa2 38. Rxb4 d5 39. Rb7 Rxf2 40. Rxe7+
Kxe7 41. Ba3+ Nxa3 42. Rxd1 Ke6 43. Ra1 Nc4 44. Ra6+ Ke5 45. Rh6 Nxe3 0-1

[Event "I Open Internacional 64 Villalba 2013"]
[Site "Collado Villalba ESP"]
[Date "2013.07.28"]
[Round "2.17"]
[White "Gallego Romero, Manuel"]
[Black "Gonzalez Mateos, Rafael"]
[Result "0-1"]
[WhiteElo "1542"]
[BlackElo "2053"]
[PlyCount "62"]
[EventDate "2013.07.27"]
[EventType "swiss"]
[EventRounds "9"]
[EventCountry "ESP"]
[Source "lmi"]
[SourceDate "2013.07.27"]

1. e4 e6 2. d4 d5 3. e5 c5 4. c3 Qb6 5. f4 Nc6 6. Nf3 cxd4 7. cxd4 Bb4+ 8. Nc3
Nh6 9. a3 Be7 10. Bb5 Bd7 11. Bxc6 bxc6 12. O-O O-O 13. Ne2 c5 14. dxc5 Bxc5+
15. Kh1 a5 16. a4 Nf5 17. Ne1 Be3 18. Rf3 Bxc1 19. Qxc1 Rfc8 20. Qb1 d4 21. Rh3
g6 22. Ng3 Bc6 23. Nxf5 exf5 24. Raa3 Be4 25. Qa1 Rc6 26. Rhb3 Qc7 27. Qd1 Rc1
28. Qe2 Rc8 29. Kg1 d3 30. Qe3 Qc5 31. Qxc5 R8xc5 0-1

[Event "I Open Internacional 64 Villalba 2013"]
[Site "Collado Villalba ESP"]
[Date "2013.07.28"]
[Round "2.18"]
[White "Esquivias Gomez, Francisco J"]
[Black "Vazquez Cabeza, Isaac"]
[Result "1-0"]
[WhiteElo "1969"]
[BlackElo "1510"]
[PlyCount "41"]
[EventDate "2013.07.27"]
[EventType "swiss"]
[EventRounds "9"]
[EventCountry "ESP"]
[Source "lmi"]
[SourceDate "2013.07.27"]

1. e4 e6 2. d4 d5 3. e5 c5 4. Nf3 Nc6 5. Bd3 cxd4 6. O-O f6 7. Qe2 fxe5 8. Nxe5
Nxe5 9. Qxe5 Qf6 10. Qc7 a6 11. Bxa6 Rxa6 12. Qxc8+ Qd8 13. Qxb7 Rb6 14. Qa7
Qd6 15. Qa4+ Rc6 16. Qxd4 e5 17. Re1 Kf7 18. Rxe5 Rxc2 19. Nc3 Qf6 20. Qxd5+
Kg6 21. Re6 1-0

[Event "I Open Internacional 64 Villalba 2013"]
[Site "Collado Villalba ESP"]
[Date "2013.07.28"]
[Round "2.19"]
[White "Ballina Amandi, Casimiro"]
[Black "Montesinos Hernandez, Alejandr"]
[Result "1-0"]
[WhiteElo "1888"]
[BlackElo "1501"]
[PlyCount "57"]
[EventDate "2013.07.27"]
[EventType "swiss"]
[EventRounds "9"]
[EventCountry "ESP"]
[Source "lmi"]
[SourceDate "2013.07.27"]

1. e4 c5 2. Nf3 g6 3. d4 cxd4 4. Nxd4 Bg7 5. Nc3 Nc6 6. Be3 d6 7. Be2 Nf6 8.
Qd2 O-O 9. f3 Bd7 10. O-O-O a6 11. g4 Rc8 12. h4 Ne5 13. h5 Nc4 14. Bxc4 Rxc4
15. hxg6 fxg6 16. Nde2 b5 17. Kb1 a5 18. Bh6 Be6 19. Bxg7 Kxg7 20. Qh6+ Kf7 21.
e5 Ng8 22. Qxh7+ Ke8 23. Nd4 Qd7 24. Qxg6+ Bf7 25. Qg7 dxe5 26. Qxe5 Nf6 27.
Nf5 Nd5 28. Nxd5 e6 29. Nf6+ 1-0

[Event "I Open Internacional 64 Villalba 2013"]
[Site "Collado Villalba ESP"]
[Date "2013.07.28"]
[Round "2.20"]
[White "Herreros Ruiz, Jorge Alejandro"]
[Black "Elizondo Market, Juan Marcos"]
[Result "1-0"]
[WhiteElo "1461"]
[BlackElo "1880"]
[PlyCount "147"]
[EventDate "2013.07.27"]
[EventType "swiss"]
[EventRounds "9"]
[EventCountry "ESP"]
[Source "lmi"]
[SourceDate "2013.07.27"]

1. d4 d5 2. c4 dxc4 3. e4 e5 4. Nf3 exd4 5. Qxd4 Qxd4 6. Nxd4 Bc5 7. Nf3 Nf6 8.
Nc3 Ng4 9. Nd1 Nc6 10. h3 Nge5 11. Nxe5 Nxe5 12. Bf4 Bd6 13. Bxe5 Bxe5 14. Bxc4
Bd7 15. O-O b5 16. Bb3 a5 17. a3 Bc6 18. Rc1 Bb7 19. Re1 O-O 20. Rc5 Bd6 21.
Rxb5 Bc6 22. Rf5 Bd7 23. Rf3 a4 24. Ba2 Be5 25. Rd3 Bc6 26. Nc3 Rab8 27. Re2
Rfe8 28. Bd5 Bxd5 29. exd5 f6 30. Rde3 Red8 31. g3 Kf7 32. Kg2 g5 33. Rf3 Kg6
34. Rd3 Rb3 35. Red2 Ra8 36. Nd1 Rb6 37. Rc2 Rab8 38. Rdd2 Rb3 39. Kf1 h5 40.
Kg2 R8b7 41. Re2 R7b5 42. Red2 h4 43. gxh4 gxh4 44. Rc4 Ra5 45. Rxh4 Rbb5 46.
Ne3 Rc5 47. Nc4 Ra8 48. Nxe5+ fxe5 49. Re4 Kf5 50. Rb4 Rc1 51. d6 cxd6 52. Rxd6
Rg8+ 53. Kf3 Re1 54. Rg4 e4+ 55. Kg2 Rxg4+ 56. hxg4+ Kxg4 57. Rd4 Re2 58. Rxa4
Kf5 59. Rb4 e3 60. Kf3 Rxf2+ 61. Kxe3 Rc2 62. a4 Ke6 63. Rb6+ Kd5 64. Kd3 Rc1
65. b4 Ra1 66. a5 Ra3+ 67. Kc2 Kc4 68. Kb2 Rh3 69. a6 Rh8 70. a7 Ra8 71. Rb7
Kd5 72. b5 Kd6 73. b6 Kc6 74. Rb8 1-0

[Event "I Open Internacional 64 Villalba 2013"]
[Site "Collado Villalba ESP"]
[Date "2013.07.29"]
[Round "3.1"]
[White "Ruiz Sanchez, Roberto"]
[Black "Sanchez Gonzalez, Sergio"]
[Result "0-1"]
[WhiteElo "1958"]
[BlackElo "2304"]
[PlyCount "34"]
[EventDate "2013.07.27"]
[EventType "swiss"]
[EventRounds "9"]
[EventCountry "ESP"]
[Source "lmi"]
[SourceDate "2013.07.27"]

1. e4 c5 2. Nf3 d6 3. d4 cxd4 4. Nxd4 Nf6 5. Nc3 e6 6. Be2 a6 7. O-O Be7 8. f4
Qc7 9. Kh1 O-O 10. a4 Nc6 11. Be3 Re8 12. Bd3 Bf8 13. a5 Nxa5 14. Ndb5 axb5 15.
Nxb5 Qc6 16. b4 Nc4 17. Rxa8 Nxe3 0-1

[Event "I Open Internacional 64 Villalba 2013"]
[Site "Collado Villalba ESP"]
[Date "2013.07.29"]
[Round "3.2"]
[White "Olias Munoz, Francisco"]
[Black "Arbunic Castro, Giovanna"]
[Result "0-1"]
[WhiteElo "1958"]
[BlackElo "2054"]
[PlyCount "64"]
[EventDate "2013.07.27"]
[EventType "swiss"]
[EventRounds "9"]
[EventCountry "ESP"]
[Source "lmi"]
[SourceDate "2013.07.27"]

1. e4 c5 2. Nf3 e6 3. d4 cxd4 4. Nxd4 a6 5. a3 Qc7 6. Nc3 Nf6 7. Bd3 Nc6 8. Nb3
Be7 9. h3 b5 10. O-O O-O 11. f4 d6 12. Be3 Bb7 13. Qe1 b4 14. axb4 Nxb4 15. Qf2
d5 16. Bb6 Qc8 17. exd5 Nxd3 18. cxd3 Bxd5 19. Nxd5 Nxd5 20. Bd4 Qb8 21. Na5
Rc8 22. Nc4 Qb4 23. Kh1 g6 24. f5 exf5 25. Qf3 Rd8 26. Ra5 Nf6 27. Bc3 Qb8 28.
Re1 Qc7 29. Rae5 Bd6 30. Nxd6 Qxd6 31. Re7 Nd5 32. Be5 Qxe7 0-1

[Event "I Open Internacional 64 Villalba 2013"]
[Site "Collado Villalba ESP"]
[Date "2013.07.29"]
[Round "3.3"]
[White "Aziz Ortego, Omar Luis"]
[Black "Santamaria Baeza, Adolfo"]
[Result "1-0"]
[WhiteElo "2045"]
[BlackElo "1936"]
[PlyCount "109"]
[EventDate "2013.07.27"]
[EventType "swiss"]
[EventRounds "9"]
[EventCountry "ESP"]
[Source "lmi"]
[SourceDate "2013.07.27"]

1. e4 e5 2. Nc3 Nc6 3. f4 exf4 4. Nf3 d6 5. d4 g5 6. Bc4 g4 7. Ng1 Qh4+ 8. Kf1
Bh6 9. Nd5 Kd8 10. Nxf4 Bxf4 11. Bxf4 Qf6 12. Ne2 Nge7 13. e5 Qg6 14. Bd3 Bf5
15. exd6 cxd6 16. Qe1 Bxd3 17. cxd3 Nd5 18. Qg3 Kc7 19. Nc3 Nxc3 20. bxc3 Rhe8
21. Kf2 Ne7 22. h3 h5 23. hxg4 hxg4 24. Rh6 Qf5 25. Rxd6 Kc8 26. Re1 Rd8 27.
Rxd8+ Kxd8 28. Qe3 Qd7 29. Bg5 f6 30. Bh4 Rc8 31. c4 Rc6 32. d5 Ra6 33. Qd4
Qf5+ 34. Kg1 Qg6 35. d6 Nf5 36. Bxf6+ Kd7 37. Re7+ Nxe7 38. dxe7+ Rd6 39. Qe5
Rxf6 40. e8=Q+ Qxe8 41. Qxf6 Qe1+ 42. Kh2 Qe2 43. Qf5+ Kc7 44. a4 b6 45. Kg3 a5
46. Qf4+ Kd8 47. Qd6+ Ke8 48. Qd5 Qd1 49. Qe4+ Kd8 50. Kf4 Qxa4 51. Kxg4 Qd7+
52. Kf3 a4 53. Ke3 Qa7 54. Qd4+ Ke8 55. Qh8+ 1-0

[Event "I Open Internacional 64 Villalba 2013"]
[Site "Collado Villalba ESP"]
[Date "2013.07.29"]
[Round "3.4"]
[White "Martinez Ayesa, Aitor"]
[Black "Julian Serra, Rogelio"]
[Result "1-0"]
[WhiteElo "1942"]
[BlackElo "2012"]
[PlyCount "119"]
[EventDate "2013.07.27"]
[EventType "swiss"]
[EventRounds "9"]
[EventCountry "ESP"]
[Source "lmi"]
[SourceDate "2013.07.27"]

1. d4 g6 2. Nf3 Bg7 3. c4 d6 4. g3 e5 5. Nc3 exd4 6. Nxd4 Ne7 7. Bg2 Nbc6 8. e3
O-O 9. O-O Bd7 10. b3 Qc8 11. Bb2 Bh3 12. Qd2 Bxg2 13. Kxg2 Ne5 14. Nd5 Re8 15.
Rac1 c6 16. Nxe7+ Rxe7 17. Ne2 Qf5 18. Rcd1 Nf3 19. Qd3 Nh4+ 20. gxh4 Qg4+ 21.
Ng3 Bxb2 22. Qe2 Qxe2 23. Nxe2 Rd8 24. Rd2 Bf6 25. Kg3 Red7 26. Rfd1 d5 27. Nf4
Be5 28. Kf3 Kf8 29. cxd5 cxd5 30. h3 Bxf4 31. Kxf4 Ke7 32. Rd4 Rd6 33. Kg5 h6+
34. Kxh6 f5 35. Kg5 Ke6 36. Kf4 Rh8 37. Kg3 Ke5 38. f3 Rc8 39. e4 fxe4 40. fxe4
Rc2 41. Rxd5+ Rxd5 42. exd5 Kd6 43. Kf4 Rxa2 44. Rd3 Rg2 45. Kf3 Rh2 46. Kg3
Re2 47. Kf4 Re5 48. Rg3 Kxd5 49. Rxg6 Re4+ 50. Kg5 Re3 51. Kg4 Rxb3 52. h5 Re3
53. h6 Re4+ 54. Kg5 Re5+ 55. Kg4 Re4+ 56. Kh5 Re3 57. h4 Re8 58. h7 Rh8 59. Rg7
b5 60. Rxa7 1-0

[Event "I Open Internacional 64 Villalba 2013"]
[Site "Collado Villalba ESP"]
[Date "2013.07.29"]
[Round "3.5"]
[White "Cano Cabanillas, Javier"]
[Black "Sanz Varea, Jose M"]
[Result "1-0"]
[WhiteElo "1991"]
[BlackElo "1900"]
[PlyCount "95"]
[EventDate "2013.07.27"]
[EventType "swiss"]
[EventRounds "9"]
[EventCountry "ESP"]
[Source "lmi"]
[SourceDate "2013.07.27"]

1. e4 Nf6 2. Nc3 d5 3. e5 d4 4. exf6 dxc3 5. fxg7 cxd2+ 6. Qxd2 Qxd2+ 7. Bxd2
Bxg7 8. O-O-O Nc6 9. Bb5 Bd7 10. Nf3 Rg8 11. Rhe1 Bf6 12. g3 O-O-O 13. h4 Bg4
14. Bxc6 bxc6 15. Re3 Rd5 16. Bc3 Bxc3 17. Rxd5 Bxb2+ 18. Kxb2 cxd5 19. Ng5 f6
20. Ne6 Bxe6 21. Rxe6 Kd7 22. Ra6 Rb8+ 23. Kc3 Rb7 24. g4 c6 25. f4 Rc7 26. Kd4
Kd6 27. f5 h6 28. c4 dxc4 29. Kxc4 Ke5 30. Kc5 Kf4 31. Ra4+ Kg3 32. h5 Kf3 33.
Rb4 a5 34. Rc4 Rb7 35. a4 Ke3 36. Kxc6 Rb4 37. Kc5 Rxc4+ 38. Kxc4 Kf4 39. Kb5
Kxg4 40. Kxa5 Kxf5 41. Kb5 e5 42. a5 e4 43. Kc4 Kf4 44. a6 e3 45. Kd3 Kf3 46.
a7 Kf2 47. a8=Q e2 48. Qa2 1-0

[Event "I Open Internacional 64 Villalba 2013"]
[Site "Collado Villalba ESP"]
[Date "2013.07.29"]
[Round "3.6"]
[White "Sotoca Aguado, Jose"]
[Black "Villanueva Arguinberri, Bruno"]
[Result "0-1"]
[WhiteElo "1928"]
[BlackElo "1961"]
[PlyCount "60"]
[EventDate "2013.07.27"]
[EventType "swiss"]
[EventRounds "9"]
[EventCountry "ESP"]
[Source "lmi"]
[SourceDate "2013.07.27"]

1. d4 Nf6 2. c4 e6 3. Nf3 d5 4. Nc3 Be7 5. Qc2 O-O 6. e3 c6 7. Bd3 Nbd7 8. O-O
h6 9. Bd2 b6 10. cxd5 exd5 11. e4 dxe4 12. Nxe4 Bb7 13. Rfe1 c5 14. Rad1 cxd4
15. Nxd4 Nc5 16. Nxc5 Bxc5 17. Bc3 Qc7 18. h3 Rac8 19. Nf5 Qc6 20. Ne3 Rfe8 21.
Bf1 Bxe3 22. fxe3 Ne4 23. Qb3 Ng5 24. Re2 Re6 25. Rd4 Rce8 26. Rg4 Kh7 27. h4
f5 28. Rc4 Nh3+ 29. Kh2 Qd6+ 30. Kxh3 Rxe3+ 0-1

[Event "I Open Internacional 64 Villalba 2013"]
[Site "Collado Villalba ESP"]
[Date "2013.07.29"]
[Round "3.7"]
[White "Bermejo Arruego, Luis"]
[Black "Lozano Sanchez, Jose Antonio"]
[Result "1-0"]
[WhiteElo "2181"]
[BlackElo "1863"]
[PlyCount "53"]
[EventDate "2013.07.27"]
[EventType "swiss"]
[EventRounds "9"]
[EventCountry "ESP"]
[Source "lmi"]
[SourceDate "2013.07.27"]

1. e4 e5 2. Nf3 Nc6 3. Nc3 Nf6 4. d4 exd4 5. Nxd4 d6 6. Nxc6 bxc6 7. Bd3 Be7 8.
O-O O-O 9. b3 Nd7 10. Re1 Ne5 11. Bf1 Re8 12. Bf4 Ng6 13. Bg3 Bh4 14. Qd2 f5
15. Bc4+ Kh8 16. exf5 Rxe1+ 17. Rxe1 Bxf5 18. Bxh4 Qxh4 19. g3 Qf6 20. f4 h6
21. Bf1 Qf7 22. Qe2 Bd7 23. Qf2 Ne7 24. Bd3 Qf6 25. Ne4 Qf7 26. Nd2 Be6 27. Qe3
1-0

[Event "I Open Internacional 64 Villalba 2013"]
[Site "Collado Villalba ESP"]
[Date "2013.07.29"]
[Round "3.8"]
[White "Gonzalez Mateos, Rafael"]
[Black "Garcia Castineira, Ivan"]
[Result "1-0"]
[WhiteElo "2053"]
[BlackElo "1680"]
[PlyCount "55"]
[EventDate "2013.07.27"]
[EventType "swiss"]
[EventRounds "9"]
[EventCountry "ESP"]
[Source "lmi"]
[SourceDate "2013.07.27"]

1. d4 d5 2. c3 c6 3. Nf3 Nf6 4. Bg5 e6 5. Nbd2 Be7 6. e3 h6 7. Bh4 O-O 8. Qc2
Nbd7 9. Be2 Re8 10. O-O-O c5 11. Rdg1 Qa5 12. Kb1 c4 13. g4 Nf8 14. Ne5 N6d7
15. Bxe7 Rxe7 16. Nef3 b5 17. g5 hxg5 18. Rxg5 f5 19. a3 Qb6 20. h4 a5 21. Ka1
b4 22. Nb1 Nh7 23. Rg2 Nhf6 24. h5 Ng4 25. h6 g6 26. Nh4 Nf8 27. Bxg4 fxg4 28.
Nxg6 1-0

[Event "I Open Internacional 64 Villalba 2013"]
[Site "Collado Villalba ESP"]
[Date "2013.07.29"]
[Round "3.9"]
[White "Cobo Mazorra, Alejandro"]
[Black "Esquivias Gomez, Francisco J"]
[Result "0-1"]
[WhiteElo "1699"]
[BlackElo "1969"]
[PlyCount "56"]
[EventDate "2013.07.27"]
[EventType "swiss"]
[EventRounds "9"]
[EventCountry "ESP"]
[Source "lmi"]
[SourceDate "2013.07.27"]

1. Nf3 f5 2. d3 d5 3. g3 Nf6 4. Bg2 e6 5. O-O Bd6 6. c4 O-O 7. cxd5 exd5 8. Nc3
c6 9. Qb3 Kh8 10. e4 d4 11. Nxd4 Bxg3 12. Nxf5 Bc7 13. Ne2 Bxf5 14. exf5 Nbd7
15. Nf4 Nc5 16. Qc4 Qd6 17. Be3 Ncd7 18. Rfd1 Nh5 19. Qe6 Nxf4 20. Bxf4 Qxf4
21. Qxd7 Rxf5 22. f3 Qxh2+ 23. Kf1 Raf8 24. Re1 Rxf3+ 25. Ke2 Qxg2+ 26. Kd1 Ba5
27. b4 Bxb4 28. Rb1 Qd2# 0-1